Normal view
MARC view
- Zečević, Aleksandar I
Entry Personal Name
001 - CONTROL NUMBER
- control field: 81505
003 - CONTROL NUMBER IDENTIFIER
- control field: NUST
005 - DATE AND TIME OF LATEST TRANSACTION
- control field: 20210813101836.0
008 - FIXED-LENGTH DATA ELEMENTS
- fixed length control field: 210813|| aca||aabn | a|a d
040 ## - CATALOGING SOURCE
- Original cataloging agency: NUST
- Transcribing agency: NUST
100 ## - HEADING--PERSONAL NAME
- Personal name: Zečević, Aleksandar I
670 ## - SOURCE DATA FOUND
- Source citation: Work cat.: (NUST)33118: Zečević, Aleksandar I., Control of complex systems , 2010.
